Asia: What Does It Border? Quiz Stats

 Plays Quiz Updated Apr 30, 2018

Challenge
Share
Tweet
Embed
Score 0/10 Timer 02:00
13 Plays Today
% Correct
North Korea
95.4%
China
92.3%
Kyrgyzstan
88.9%
Oman
86.6%
Syria
83%
Myanmar
81.3%
Papua New Guinea
77.1%
Brunei
71.4%
Turkey
69%
Iran
54.6%

You're not logged in!

Compare scores with friends on all Sporcle quizzes.
OR
Log In

You Might Also Like...

Show Comments

Extras

Top Quizzes Today


Score Distribution

Your Account Isn't Verified!

In order to create a playlist on Sporcle, you need to verify the email address you used during registration. Go to your Sporcle Settings to finish the process.

Report this User

Report this user for behavior that violates our Community Guidelines.

Details: